Datum a čas kvízu
24.5
Celkem bodů
Celkový počet nahraných bodů na tomto kvízu bez doplňovacích otázek.
9.
Pořadí na kvízu
Konečné umístění týmu na tomto kvízu.
Zaznamenané odpovědi
| # | Otázka | Odpověď | Body | Výsledky |
|---|---|---|---|---|
| 1. | Jeden muž si chtěl ulehčit par... | přemaloval čáry na vozovce | 0 | |
| 2. | V americkém Miami byla ve stře... | Icon Of The Seas (Ikona moří) | 0 | |
| 3. | Jak se nazývá snímek, který zí... | Oppenheimer | 0 | |
| 4. | Roční míra inflace v jisté zem... | Argentina | 0 | |
| 5. | Uveďte konečné skóre sobotního... | 2:0 | 0 | |
| 6. | Některá slova mají různé grama... | (o) hrabatech | 1 | |
| 7. | Přiřaďte ke každému slovu jeho... | 1B 2A 3C 4D | 1 | |
| 8. | Dva gramatické rody můžeme při... | sršeň | 0 | |
| 9. | V minulé otázce jsme se ptali... | zombie | 0 | |
| 10. | Začátkem roku 2023 byla Ústave... | hranolka, hranolek | 0 |